Statistics for Spain squad for world cup 2018

Click here to take the quiz!

General Stats

  • This quiz has been taken 6 times
  • The average score is 14 of 22

Answer Stats

TeamPositionsAnswer% Correct
Manchester unitedGKDe gea
100%
Real MadridCBSergio Ramos
100%
BarcelonaCMIniesta
83%
BarcelonaLBJordi Alba
83%
BarcelonaCBPique
83%
BarcelonaCDMSergio Busquets
83%
Real MadridCAM/RW/LW/CMAsensio
67%
ChelseaCB/LB/RBAzpilicueta
67%
Real MadridCAMIsco
67%
Atletico MadridCMKoke
67%
ArsenalLBMonreal
67%
NapoliGKPepe Reina
67%
Real SociedadRBAlvaro ODRIOZOLA
50%
ChelseaGKArrizabalaga
50%
Manchester CityRW/CAMDavid silva
50%
Celta VigoSTIago Aspas
50%
Real MadridRWLucas Vazquez
50%
Atletico MadridCMSaul
50%
BayernCM/CDMThiago
50%
Atletico MadridSTDiego Costa
33%
ValenciaST/LW/RWRodrigo
33%
Real MadridRBCarjaval
17%

Score Distribution

Percentile by Number Answered

Percent of People with Each Score

Your Score History

You have not taken this quiz